01339nam a2200337Ic 450000100060000000300100000600500170001600700030003300800410003602000180007704000350009504100080013008200190013810000330015724501060019025000220029626400550031830000750037333600270044833700330047533800280050850000550053652100380059165000560062965000550068565000660074065000670080665000520087370000380092570000380096358887CO-BoRNBP20250828213747.0ta180815s2015 ck a g 000 0 spa  a9789588951096 aCO-BoRNBPbspaerdacCO-BoRNBP aspa04a364.1322bM17c aMartínez, Julián F.eaut10aChuzadas :bocho años de espionaje barbarie /cJulián F. Martínez ; prólogo Ramiro Bejarano. aSegunda edición 1aBogotá, Colombia :bArchivos del índice,c2015 a317 páginas :bilustraciones, fotografías a blanco y negro, tablas atextobtxt2rdacontent asin mediaciónbn2rdamedia avolumenbnc2rdacarrier aIncluye datos biográficos del autor en la solapa aRecomendado para público adulto07aCorrupción administrativaxCasosy2002-20102lemb07aDerecho a la privacidady2002-2010zColombia2lemb07aInterceptación de comunicacionesy2002-2010zColombia2lemb07aViolación de los derechos humanosy2002-2010zColombia2lemb07aViolencia políticay2002-2010zColombia2lemb aBejarano Guzmán, Ramiro,d1954- aBejarano Guzmán, Ramiro,d1954-